The City in history its origins, its transformatios, and its prospects
Guardat en:
| Autor principal: | |
|---|---|
| Format: | Llibre |
| Idioma: | anglès |
| Publicat: |
Londres
Secker and Warburg
1961
|
| Matèries: | |
| Etiquetes: |
Afegir etiqueta
Sense etiquetes, Sigues el primer a etiquetar aquest registre!
|
MARC
| LEADER | 00000nam a2200000 a 4500 | ||
|---|---|---|---|
| 001 | UCX7937 | ||
| 003 | CL-VaPUC | ||
| 008 | 940113e19610000UK |||||||||||||||||eng|d | ||
| 082 | 0 | 4 | |a 307.76 |b MUM |2 21 |
| 100 | |a Mumford, Lewis |e author |9 411579 | ||
| 245 | 1 | 4 | |a The City in history its origins, its transformatios, and its prospects |
| 300 | |a 657 p | ||
| 942 | |c BK | ||
| 945 | |d 19940113 00:00:00 |a aalvarez | ||
| 260 | |a Londres |b Secker and Warburg |c 1961 | ||
| 650 | 0 | |a Ciudades y pueblos |9 265139 | |
| 650 | 7 | |a DESARROLLO URBANO |2 CL-VaPUC |9 324931 | |
| 583 | |a last modification |c 20180403 04:52:25 |k Rodrigo Vera | ||
| 999 | |c 227601 |d 227599 | ||
| 952 | |0 0 |1 0 |4 0 |6 307_760000000000000_MUM_1961 |7 0 |8 X |9 226720 |a BIBHIS |b BIBHIS |d 2019-11-15 |i 294961K |o 307.76 MUM 1961 |p 294961K |r 2024-01-30 |w 2019-11-15 |y BK_X |k HIS | ||